Normal view
MARC view
- Andersen, Margaret L.
Entry Personal Name
001 - CONTROL NUMBER
- control field: 12345
003 - CONTROL NUMBER IDENTIFIER
- control field: NUST
005 - DATE AND TIME OF LATEST TRANSACTION
- control field: 20181016071140.0
008 - FIXED-LENGTH DATA ELEMENTS
- fixed length control field: 181016|| aca||aabn | a|a d
040 ## - CATALOGING SOURCE
- Original cataloging agency: NUST
- Transcribing agency: NUST
100 ## - HEADING--PERSONAL NAME
- Personal name: Andersen, Margaret L.
670 ## - SOURCE DATA FOUND
- Source citation: Work cat.: (NUST)3027: Andersen, Margaret L., Sociology :, c2011.
